LIBRARY & INFORMATION CENTRE, KCAET, TAVANUR

ONLINE PUBLIC ACCESS CATALOGUE (OPAC)

Potatoes Postharvest (Record no. 14571)

MARC details
000 -LEADER
fixed length control field 00333nam a22001457a 4500
020 ## - INTERNATIONAL STANDARD BOOK NUMBER
ISBN 9780851995021
082 ## - DEWEY DECIMAL CLASSIFICATION NUMBER
Classification number 635.216
Item number PRI/PO
100 ## - MAIN ENTRY--AUTHOR NAME
Personal name Pringle,Bob
100 ## - MAIN ENTRY--AUTHOR NAME
Personal name Bishop,Chris
100 ## - MAIN ENTRY--AUTHOR NAME
Personal name Clayton,Rob
245 ## - TITLE STATEMENT
Title Potatoes Postharvest
260 ## - PUBLICATION, DISTRIBUTION, ETC. (IMPRINT)
Place of publication Oxfordshire
Name of publisher CABI
Year of publication 2009
300 ## - PHYSICAL DESCRIPTION
Number of Pages 427
942 ## - ADDED ENTRY ELEMENTS (KOHA)
Koha item type Books
Holdings
Withdrawn status Lost status Damaged status Collection code Home library Current library Shelving location Date acquired Source of acquisition Cost, normal purchase price Full call number Accession Number Koha item type
        KAUAET KAUAET General Stacks 18/07/2016 Ganesh Book Centre, Trivandrum 10009.70 635.216 PRI/PO 24873 Books
free website counter